[Event "Vladimir op-B"]
[Site "Vladimir"]
[Date "2009.08.27"]
[Round "8"]
[White "Vysotsky, Alexander"]
[Black "Tsybulnik, Andrei"]
[Result "0-1"]
[WhiteElo "2040"]
[BlackElo "2271"]
[PlyCount "104"]
[EventDate "2009.08.19"]
[EventType "swiss"]
[EventRounds "9"]
[EventCountry "RUS"]
[SourceTitle "EXT 2012"]
[Source "ChessBase"]
[SourceDate "2011.11.24"]
[SourceVersion "1"]
[SourceVersionDate "2011.11.24"]
[SourceQuality "1"]

1. e4 c6 2. c4 d5 3. cxd5 cxd5 4. exd5 Nf6 5. Bb5+ Nbd7 6. Nc3 a6 7. Qa4 Rb8 8. Bxd7+ Qxd7 9. Qxd7+ Bxd7 10. Nf3 Rd8 11. d4 Bg4 12. Ne5 Bf5 13. Be3 g6 14. 0-0 Bg7 15. Rfe1 Nxd5 16. Nxd5 Rxd5 17. f4 f6 18. Nc4 Kf7 19. Rac1 Rhd8 20. b3 Bf8 21. Nb6 Rb5 22. d5 Rd6 23. Rc7 Rdxb6 24. Bxb6 Rxb6 25. Kf2 Rd6 26. Rxb7 Rxd5 27. Ra7 Ra5 28. Re2 Be6 29. Rc2 f5 30. Ke3 Bg7 31. g3 Bd5 32. Rac7 Be4 33. Rd2 Ra3 34. Rc4 Bf6 35. Rc7 Bb1 36. Rc4 Bxa2 37. Ra4 Rxb3+ 38. Kf2 Bb1 39. Rxa6 Be4 40. Ra4 g5 41. fxg5 Bxg5 42. Re2 Rf3+ 43. Ke1 h5 44. Rf2 Re3+ 45. Re2 Rb3 46. Kf2 Bf6 47. Rea2 Rb1 48. Re2 Bg5 49. Re1 Rb3 50. Re2 Rd3 51. Ra5 Bf6 52. Ra4 Rf3+ 0-1

[Event "Vladimir op-B"]
[Site "Vladimir"]
[Date "2009.08.21"]
[Round "3"]
[White "Tsybulnik, Andrei"]
[Black "Nikologorskiy, Konstantin"]
[Result "1/2-1/2"]
[WhiteElo "2271"]
[BlackElo "2168"]
[PlyCount "104"]
[EventDate "2009.08.19"]
[EventType "swiss"]
[EventRounds "9"]
[EventCountry "RUS"]
[SourceTitle "EXT 2012"]
[Source "ChessBase"]
[SourceDate "2011.11.24"]
[SourceVersion "1"]
[SourceVersionDate "2011.11.24"]
[SourceQuality "1"]

1. d4 d5 2. c4 c6 3. Nc3 Nf6 4. e3 a6 5. Nf3 b5 6. b3 e6 7. Bd3 Nbd7 8. 0-0 Be7 9. Bb2 0-0 10. Qc2 Bb7 11. Rfd1 h6 12. Rac1 Rc8 13. Qe2 Qb6 14. c5 Qc7 15. b4 Ne8 16. e4 dxe4 17. Nxe4 Nef6 18. Bb1 Nd5 19. a3 Rfd8 20. Ne5 Nf8 21. Qh5 f6 22. Nd3 f5 23. Nc3 Nf4 24. Nxf4 Qxf4 25. Ne2 Qc7 26. Ba2 Bg5 27. Rc3 Kh7 28. Rh3 Qe7 29. Bc1 Bxc1 30. Rxc1 Qf6 31. Re3 Rc7 32. Re1 Bc8 33. g3 Re7 34. Qf3 Bd7 35. Nf4 Rde8 36. Nd3 Qxd4 37. Ne5 Ng6 38. Nxd7 Qxd7 39. Rd1 Qc8 40. Rd6 f4 41. gxf4 e5 42. Bb1 e4 43. Bxe4 Rxe4 44. Rxe4 Nh4 45. Qe2 Qh3 46. f3 Nxf3+ 47. Kf2 Qxh2+ 48. Kxf3 Qh5+ 49. Kf2 Qh2+ 50. Kf3 Qh3+ 51. Kf2 Qh2+ 52. Kf3 Qh3+ 1/2-1/2

[Event "Vladimir op-B"]
[Site "Vladimir"]
[Date "2008.08.13"]
[Round "2"]
[White "Paushkin, Nikita"]
[Black "Tsybulnik, Andrei"]
[Result "1-0"]
[WhiteElo "2084"]
[BlackElo "2283"]
[PlyCount "53"]
[EventDate "2008.08.12"]
[EventType "swiss"]
[EventRounds "10"]
[EventCountry "RUS"]
[SourceTitle "CBM 126 Extra"]
[Source "ChessBase"]
[SourceDate "2008.11.05"]
[SourceVersion "1"]
[SourceVersionDate "2008.11.05"]
[SourceQuality "1"]

1. e4 c6 2. c4 d5 3. cxd5 cxd5 4. exd5 Nf6 5. Bb5+ Nbd7 6. Nc3 a6 7. Bxd7+ Qxd7 8. Qf3 g6 9. Nge2 Bg7 10. 0-0 0-0 11. Nf4 Qg4 12. Qe3 Bh6 13. Qxe7 Bg5 14. Nh3 Re8 15. Qd6 Bh4 16. d3 Bf5 17. Nf4 Rad8 18. Qb4 Bg5 19. f3 Qh4 20. g3 Qh6 21. Qd4 Nd7 22. Ne4 Ne5 23. Ne6 Rxe6 24. Bxg5 Qg7 25. Nf6+ Kh8 26. dxe6 Rxd4 27. e7 1-0

[Event "Vladimir op-B"]
[Site "Vladimir"]
[Date "2008.08.12"]
[Round "1"]
[White "Tsybulnik, Andrei"]
[Black "Makhnev, Yuri"]
[Result "1-0"]
[WhiteElo "2283"]
[BlackElo "1892"]
[PlyCount "57"]
[EventDate "2008.08.12"]
[EventType "swiss"]
[EventRounds "10"]
[EventCountry "RUS"]
[SourceTitle "CBM 126 Extra"]
[Source "ChessBase"]
[SourceDate "2008.11.05"]
[SourceVersion "1"]
[SourceVersionDate "2008.11.05"]
[SourceQuality "1"]

1. d4 Nf6 2. c4 e6 3. Nf3 c5 4. d5 exd5 5. cxd5 d6 6. Nc3 Be7 7. e4 0-0 8. h3 Nbd7 9. Bd3 Re8 10. 0-0 h6 11. Re1 Bf8 12. Bf4 Qc7 13. Rc1 a6 14. a4 b6 15. b4 Rb8 16. Qd2 Bb7 17. b5 a5 18. Nb1 Nh7 19. Nd4 Rbc8 20. Nc6 f6 21. Na3 Ng5 22. Bg3 Nf7 23. f4 g5 24. Nc4 Bg7 25. Ne3 Bf8 26. Nf5 Ra8 27. Qe2 Bc8 28. Qh5 Nb8 29. Qg6+ 1-0

[Event "Vladimir op"]
[Site "Vladimir"]
[Date "2004.08.25"]
[Round "8"]
[White "Tsybulnik, Andrei"]
[Black "Mishin, Alexei"]
[Result "0-1"]
[WhiteElo "2222"]
[BlackElo "2330"]
[PlyCount "64"]
[EventDate "2004.08.18"]
[EventType "swiss"]
[EventRounds "9"]
[EventCountry "RUS"]
[SourceTitle "EXT 2005"]
[Source "ChessBase"]
[SourceDate "2004.11.15"]
[SourceVersion "1"]
[SourceVersionDate "2004.11.15"]
[SourceQuality "1"]

1. d4 d6 2. g3 e5 3. dxe5 dxe5 4. Qxd8+ Kxd8 5. f4 Bf5 6. Bg2 c6 7. e4 Be6 8. Nf3 exf4 9. Bxf4 Nf6 10. Nbd2 Bc5 11. Ng5 Nbd7 12. Nxe6+ fxe6 13. 0-0-0 Nh5 14. Nb3 Bb6 15. Bd6 Nhf6 16. Nd4 Re8 17. Bh3 Bxd4 18. Rxd4 e5 19. Rd3 Nxe4 20. Bxe5 Nec5 21. Rhd1 Nxd3+ 22. Rxd3 Re7 23. Bd6 Re1+ 24. Kd2 Rh1 25. Kc3 Rxh2 26. Bf5 g6 27. Be6 Nf6 28. Kb3 Re2 29. Bf7 Nd5 30. c4 Re3 31. Rxe3 Nxe3 32. Bf4 Ke7 0-1

[Event "Vladimir op"]
[Site "Vladimir"]
[Date "2004.08.23"]
[Round "6"]
[White "Tsybulnik, Andrei"]
[Black "Belenov, Dmitry N"]
[Result "0-1"]
[WhiteElo "2222"]
[BlackElo "2383"]
[PlyCount "116"]
[EventDate "2004.08.18"]
[EventType "swiss"]
[EventRounds "9"]
[EventCountry "RUS"]
[SourceTitle "EXT 2005"]
[Source "ChessBase"]
[SourceDate "2004.11.15"]
[SourceVersion "1"]
[SourceVersionDate "2004.11.15"]
[SourceQuality "1"]

1. d4 Nf6 2. Nf3 g6 3. c4 Bg7 4. g3 0-0 5. Bg2 d6 6. 0-0 Nbd7 7. Nc3 e5 8. e4 c6 9. h3 Qb6 10. Re1 Re8 11. d5 cxd5 12. cxd5 Nc5 13. Rb1 a5 14. Be3 Bd7 15. Qe2 Rec8 16. Nd2 Ne8 17. Rec1 Qd8 18. Nb5 Qe7 19. b3 f5 20. f3 b6 21. a3 Qf8 22. g4 Bh6 23. g5 Bg7 24. Bf1 f4 25. Bf2 Qe7 26. h4 h6 27. gxh6 Bxh6 28. b4 axb4 29. axb4 Na4 30. Ra1 Rxc1 31. Rxc1 g5 32. Nc3 Rc8 33. Na2 Rxc1 34. Nxc1 Qg7 35. hxg5 Bxg5 36. Bg2 Bd8 37. Nf1 b5 38. Nh2 Bb6 39. Nd3 Nf6 40. Bxb6 Nxb6 41. Nb2 Qf8 42. Qf2 Na4 43. Nf1 Qc8 44. Qd2 Kf7 45. Kf2 Qc7 46. Kg1 Nh5 47. Kh2 Qd8 48. Kg1 Kg6 49. Kh2 Qh8 50. Kg1 Ng3 51. Nd3 Qh4 52. Qc2 Nc3 53. Nxg3 fxg3 54. Qxc3 Qh2+ 55. Kf1 Bh3 56. Bxh3 Qxh3+ 57. Ke2 Qh2+ 58. Ke1 g2 0-1

[Event "Vladimir op"]
[Site "Vladimir"]
[Date "2004.08.20"]
[Round "3"]
[White "Schupaleev, Andrey"]
[Black "Tsybulnik, Andrei"]
[Result "1/2-1/2"]
[WhiteElo "2309"]
[BlackElo "2222"]
[PlyCount "66"]
[EventDate "2004.08.18"]
[EventType "swiss"]
[EventRounds "9"]
[EventCountry "RUS"]
[SourceTitle "EXT 2005"]
[Source "ChessBase"]
[SourceDate "2004.11.15"]
[SourceVersion "1"]
[SourceVersionDate "2004.11.15"]
[SourceQuality "1"]

1. e4 c6 2. d4 d5 3. exd5 cxd5 4. c4 Nf6 5. Nc3 g6 6. Qb3 Bg7 7. cxd5 0-0 8. Be2 Nbd7 9. Bf3 Nb6 10. Bg5 Bf5 11. Rd1 Qd7 12. h3 h5 13. Nge2 Rfd8 14. Bxf6 Bxf6 15. Ng3 Rac8 16. a4 Nc4 17. Nce4 Bxe4 18. Nxe4 Nd6 19. 0-0 Qc7 20. Rd3 Qc4 21. Rfd1 b6 22. Qa3 Nxe4 23. Bxe4 Qc2 24. Bf3 Rc4 25. Rc3 Qxa4 26. Rxc4 Qxc4 27. Qxa7 Qb3 28. Qc7 Rxd5 29. Ra1 Ra5 30. Qd8+ Kg7 31. Rc1 e6 32. Qd7 Qb5 33. Rc7 Qxd7 1/2-1/2

[Event "RUS-Cup 300 years"]
[Site "St Petersburg"]
[Date "2003.10.26"]
[Round "9"]
[White "Tsybulnik, Andrei"]
[Black "Shchukin, Dmitry"]
[Result "0-1"]
[WhiteElo "2238"]
[BlackElo "2388"]
[PlyCount "78"]
[EventDate "2003.10.18"]
[EventType "swiss"]
[EventRounds "9"]
[EventCountry "RUS"]
[SourceTitle "EXT 2004"]
[Source "ChessBase"]
[SourceDate "2003.11.25"]
[SourceVersion "1"]
[SourceVersionDate "2003.11.25"]
[SourceQuality "1"]

1. d4 d5 2. Bg5 h6 3. Bh4 c6 4. c3 Bf5 5. e3 Nd7 6. Nf3 Ngf6 7. Be2 e6 8. 0-0 Bd6 9. Bg3 Qc7 10. Bxd6 Qxd6 11. Qb3 0-0 12. c4 Ne4 13. Nc3 Bg4 14. Rad1 f5 15. Rfe1 Bxf3 16. Bxf3 Ndf6 17. g3 Rf7 18. Bg2 g5 19. Ne2 g4 20. Nf4 h5 21. Qd3 h4 22. c5 Qd7 23. b4 hxg3 24. hxg3 Rh7 25. a4 Ng5 26. Rb1 Nfe4 27. Red1 a6 28. Rb2 Kf7 29. b5 axb5 30. axb5 Nf3+ 31. Kf1 Kf6 32. Ke2 Rh2 33. bxc6 bxc6 34. Qb3 Qc8 35. Rc1 Qa6+ 36. Qd3 Qa1 37. Rxa1 Rxa1 38. Qb3 Rc1 39. Qb8 Ng1+ 0-1

[Event "RUS-Cup 300 years"]
[Site "St Petersburg"]
[Date "2003.10.20"]
[Round "3"]
[White "Biriukov, Ilja"]
[Black "Tsybulnik, Andrei"]
[Result "1/2-1/2"]
[WhiteElo "2343"]
[BlackElo "2238"]
[PlyCount "44"]
[EventDate "2003.10.18"]
[EventType "swiss"]
[EventRounds "9"]
[EventCountry "RUS"]
[SourceTitle "EXT 2004"]
[Source "ChessBase"]
[SourceDate "2003.11.25"]
[SourceVersion "1"]
[SourceVersionDate "2003.11.25"]
[SourceQuality "1"]

1. d4 d5 2. Bg5 c6 3. Nc3 Nf6 4. Qd2 Bf5 5. f3 Nbd7 6. 0-0-0 h6 7. Bh4 e6 8. g4 Bh7 9. e3 Qa5 10. Bd3 Bxd3 11. Qxd3 b5 12. Kb1 Be7 13. Nh3 b4 14. Ne2 c5 15. dxc5 Ne5 16. Qb3 Nxf3 17. Bxf6 Bxf6 18. Nd4 Ne5 19. e4 0-0 20. exd5 exd5 21. Nf4 Qxc5 22. Nxd5 Nxg4 1/2-1/2

[Event "RUS-Cup 300 years"]
[Site "St Petersburg"]
[Date "2003.10.19"]
[Round "2"]
[White "Tsybulnik, Andrei"]
[Black "Frolyanov, Dmitry"]
[Result "0-1"]
[WhiteElo "2238"]
[BlackElo "2482"]
[PlyCount "74"]
[EventDate "2003.10.18"]
[EventType "swiss"]
[EventRounds "9"]
[EventCountry "RUS"]
[SourceTitle "EXT 2004"]
[Source "ChessBase"]
[SourceDate "2003.11.25"]
[SourceVersion "1"]
[SourceVersionDate "2003.11.25"]
[SourceQuality "1"]

1. d4 d5 2. c4 e6 3. Nf3 c6 4. g3 Nf6 5. Bg2 Nbd7 6. Qc2 Be7 7. 0-0 0-0 8. Rd1 b6 9. b3 Ba6 10. a4 Rc8 11. a5 b5 12. c5 b4 13. Bb2 Qc7 14. Ne1 e5 15. dxe5 Nxe5 16. Nd3 Nxd3 17. exd3 Nd7 18. Bd4 Rfe8 19. Nd2 Bf8 20. Nf1 Rb8 21. Ne3 Rb5 22. Nf5 Nxc5 23. Re1 Ne6 24. Be5 Qd7 25. Bh3 d4 26. Qd1 Qd8 27. Bg2 f6 28. Qg4 Ng5 29. Bxc6 Rexe5 30. Rxe5 Rxe5 31. f4 Rc5 32. Be4 h5 33. Qxh5 Nxe4 34. dxe4 Bc8 35. Re1 d3 36. Qg6 Bxf5 37. exf5 d2 0-1

[Event "Kaluga Tsiolkovsky Memorial op"]
[Site "Kaluga"]
[Date "2003.??.??"]
[Round "1"]
[White "Sergienko, Sergey"]
[Black "Tsybulnik, Andrei"]
[Result "1/2-1/2"]
[WhiteElo "2444"]
[BlackElo "2194"]
[PlyCount "86"]
[EventDate "2003.??.??"]
[EventType "swiss"]
[EventRounds "9"]
[EventCountry "RUS"]
[SourceTitle "EXT 2005"]
[Source "ChessBase"]
[SourceDate "2004.11.15"]
[SourceVersion "1"]
[SourceVersionDate "2004.11.15"]
[SourceQuality "1"]

1. d4 d5 2. c4 c6 3. e3 Nf6 4. Nc3 a6 5. Qc2 g6 6. Bd3 Bg7 7. Nf3 0-0 8. 0-0 Bg4 9. Ne5 Be6 10. b3 c5 11. Ne2 cxd4 12. exd4 Nfd7 13. Nxd7 Qxd7 14. c5 Nc6 15. Be3 Nb4 16. Qd2 Nxd3 17. Qxd3 Bf5 18. Qd2 Qb5 19. Ng3 Qd3 20. Nxf5 Qxf5 21. Bh6 Bxh6 22. Qxh6 Rfe8 23. f4 a5 24. Rf3 Qf6 25. Rd1 Ra6 26. Rh3 Qg7 27. Qg5 e6 28. Re3 Rc8 29. Qg4 Qf6 30. Re5 Rcc6 31. Rf1 Qg7 32. Qe2 Ra8 33. Rf3 Qf6 34. h3 Qd8 35. a3 b6 36. b4 axb4 37. axb4 bxc5 38. bxc5 Rca6 39. Kh2 Ra4 40. Qe3 Rc4 41. Rg3 Qf6 42. f5 exf5 43. Qf4 Rd8 1/2-1/2

[Event "RUS-ch sf"]
[Site "Tula"]
[Date "2003.??.??"]
[Round "1"]
[White "Tsybulnik, Andrei"]
[Black "Driamin, Dmitrij"]
[Result "1/2-1/2"]
[WhiteElo "2194"]
[BlackElo "2413"]
[PlyCount "38"]
[EventDate "2003.03.??"]
[EventType "swiss"]
[EventRounds "9"]
[EventCountry "RUS"]
[SourceTitle "EXT 2004"]
[Source "ChessBase"]
[SourceDate "2003.11.25"]
[SourceVersion "1"]
[SourceVersionDate "2003.11.25"]
[SourceQuality "1"]

1. d4 Nf6 2. c4 e6 3. Nf3 Bb4+ 4. Bd2 Qe7 5. a3 Bxd2+ 6. Qxd2 0-0 7. Nc3 d6 8. g3 a5 9. b3 Nbd7 10. Bg2 Nb6 11. a4 e5 12. 0-0 Bg4 13. e3 c6 14. h3 Bd7 15. Rfc1 e4 16. Ne1 h5 17. Ne2 Bf5 18. h4 Nh7 19. Nf4 Nf6 1/2-1/2